Kadrowicze Adama Nawałki - Statystyki

Ogólne statystyki
  • Ten quiz został rozwiązany 115 razy
  • Średni wynik to 42 z 80
Statystyki odpowiedzi
Mecze Pozycja Piłkarz % Poprawnych
22 Bramkarz Wojciech Szczęsny
98%
25 Bramkarz Łukasz Fabiański
95%
35 Napastnik Arkadiusz Milik
91%
40 Napastnik Robert Lewandowski
91%
38 Obrońca Kamil Glik
90%
10 Bramkarz Artur Boruc
89%
39 Pomocnik Grzegorz Krychowiak
89%
31 Obrońca Łukasz Piszczek
89%
34 Pomocnik Jakub Błaszczykowski
87%
30 Obrońca Michał Pazdan
87%
38 Pomocnik Kamil Grosicki
85%
1 Bramkarz Łukasz Skorupski
82%
31 Pomocnik Krzysztof Mączyński
81%
27 Obrońca Maciej Rybus
81%
29 Pomocnik Piotr Zieliński
80%
27 Obrońca Artur Jędrzejczyk
79%
16 Napastnik Łukasz Teodorczyk
73%
10 Obrońca Bartosz Bereszyński
71%
14 Pomocnik Bartosz Kapustka
71%
20 Pomocnik Karol Linetty
71%
11 Obrońca Jakub Wawrzyniak
70%
6 Obrońca Jan Bednarek
69%
22 Pomocnik Tomasz Jodłowiec
69%
1 Bramkarz Przemysław Tytoń
68%
14 Obrońca Łukasz Szukała
66%
20 Obrońca Thiago Cionek
64%
4 Napastnik Dawid Kownacki
63%
17 Pomocnik Sławomir Peszko
63%
3 Napastnik Mariusz Stępiński
62%
1 Obrońca Łukasz Broź
60%
1 Bramkarz Bartosz Białkowski
57%
3 Obrońca Tomasz Kędziora
57%
8 Pomocnik Sebastian Mila
56%
7 Pomocnik Jacek Góralski
55%
2 Obrońca Marcin Kamiński
55%
4 Obrońca Bartosz Salamon
54%
3 Napastnik Kamil Wilczek
52%
2 Pomocnik Ludovic Obraniak
52%
4 Pomocnik Filip Starzyński
51%
4 Pomocnik Mateusz Klich
51%
1 Pomocnik Eugen Polanski
49%
5 Pomocnik Paweł Wszołek
49%
7 Pomocnik Waldemar Sobota
49%
1 Napastnik Paweł Brożek
48%
4 Pomocnik Rafał Kurzawa
47%
1 Bramkarz Rafał Leszczyński
47%
2 Napastnik Artur Sobiech
46%
1 Pomocnik Przemysław Frankowski
46%
1 Pomocnik Adrian Mierzejewski
45%
13 Obrońca Paweł Olkowski
44%
4 Pomocnik Rafał Wolski
42%
1 Pomocnik Taras Romanczuk
41%
3 Pomocnik Michał Kucharczyk
40%
1 Obrońca Paweł Dawidowicz
38%
3 Obrońca Marcin Komorowski
37%
2 Pomocnik Szymon Pawłowski
35%
4 Napastnik Marcin Robak
34%
1 Obrońca Jakub Rzeźniczak
33%
5 Pomocnik Maciej Makuszewski
33%
1 Obrońca Grzegorz Wojtkowiak
32%
4 Pomocnik Michał Żyro
32%
3 Pomocnik Ariel Borysiuk
31%
2 Obrońca Igor Lewczuk
31%
3 Napastnik Jakub Świerczok
31%
1 Obrońca Rafał Kosznik
31%
1 Obrońca Marcin Kowalczyk
29%
5 Obrońca Tomasz Brzyski
29%
1 Obrońca Piotr Celeban
27%
1 Pomocnik Damian Dąbrowski
26%
2 Obrońca Adam Marciniak
24%
1 Bramkarz Michał Miśkiewicz
24%
2 Pomocnik Łukasz Madej
23%
2 Obrońca Jarosław Jach
21%
4 Obrońca Maciej Wilusz
20%
1 Obrońca Wojciech Golla
19%
1 Obrońca Adam Kokoszka
18%
3 Pomocnik Michał Masłowski
18%
2 Napastnik Mateusz Zachara
16%
1 Pomocnik Dawid Plizga
15%
1 Pomocnik Piotr Ćwielong
15%
Nie znaleziono quizów pasujących do podanych kryteriów
Rozkład punktacji
Procent ludzi z każdym wynikiem
Percentyl według liczby udzielonych odpowiedzi
Twoja historia wyników
Nie rozwiązałeś tego quizu